| 000 | 00889 a2200277 4500 | ||
|---|---|---|---|
| 005 | 20260407115334.0 | ||
| 008 | 260407b |||||||| |||| 00| 0 eng d | ||
| 020 | _a978-81-993502-8-1 | ||
| 037 | _cTB | ||
| 040 |
_aCRL _cCRL |
||
| 041 |
_2eng _aeng |
||
| 084 |
_aV2-97:19.P3 R6 _qCRL |
||
| 100 |
_aGolani, Anil _91113191 |
||
| 245 | _aGeopolitical shifts and strategic partnerships multilateralism in the indo-pacific | ||
| 260 |
_aNew Delhi, India: _bKW Publishers, _c2026. |
||
| 300 | _a243p. | ||
| 365 |
_b1280 _cINR |
||
| 490 | _aAsian Defence Review 2025 | ||
| 650 | _aIndia-History | ||
| 650 | _aIndia-Foreign Relations | ||
| 650 | _aHistory | ||
| 700 |
_aGolani, Anil _eEditor, _91113191 |
||
| 700 |
_aAlam, Javed _eEditor, _91234213 |
||
| 942 |
_cTB _2CC _hV2-97:19.P3 R6 |
||
| 999 |
_c1678506 _d1678506 |
||